Los chicos de la calle.
Los chicos de la calle en Buenos Aires. Testimonios: Elías Neuman (criminólogo). Chicos de la calle cuentan sus experiencias: forma de vida, relación con las autoridades, solidaridad del grupo. Etc...
Guardado en:
| Formato: | |
|---|---|
| Materias: | |
| Etiquetas: |
Agregar Etiqueta
Sin Etiquetas, Sea el primero en etiquetar este registro!
|
| LEADER | 00990ngm a22002775g 4500 | ||
|---|---|---|---|
| 001 | CEM.cems022026 | ||
| 008 | 130507b1994##################0###0#####d | ||
| 005 | 20240930175200.0 | ||
| 245 | 0 | 0 | |a Los chicos de la calle. |
| 300 | |a 26'. | ||
| 500 | |a En soporte VHS, consultar en ventanilla. | ||
| 520 | |a Los chicos de la calle en Buenos Aires. Testimonios: Elías Neuman (criminólogo). Chicos de la calle cuentan sus experiencias: forma de vida, relación con las autoridades, solidaridad del grupo. Etc... | ||
| 538 | |a Soporte: VHS - Norma: Pal N - Color - Grabación DRD 1994 - Hitachi=5345 | ||
| 082 | 3 | 0 | |/ BOR |
| 653 | |a CHICOS DE LA CALLE | ||
| 653 | |a GRUPO | ||
| 653 | |a SOLIDARIDAD | ||
| 653 | |a PSICOLOGIA SOCIAL | ||
| 653 | |a BUENOS AIRES | ||
| 653 | |a PSICOLOGIA | ||
| 653 | |a INFANCIA | ||
| 653 | |a POBREZA | ||
| 653 | |a RIESGO SOCIAL | ||
| 653 | |a NIVEL PRIMARIO | ||
| 653 | |a NIVEL SECUNDARIO | ||
| 859 | |a CEMS |b BIB. CEMS - Depto. Recursos Didacticos |h 301 |i BOR |k DRD |p 669.12 |t Ej.1 | ||
